000 00477nam a22001937a 4500
003 koha_MIRAKIL
005 20231213100221.0
008 231213b |||||||| |||| 00| 0 ||| d
020 _b978-9-94444695-2
040 _aTR-IsEVY
_btur
_cTR-IsEVY
082 _a811.42 KAY/A
100 _aKaya, Vural.
245 0 _aArınma festivali
260 _bEbabil Yayınları,
_c2014
300 _a48 s.
650 _aTürk şiiri.
650 _aTurkish poetry.
942 _2ddc
_cBK
999 _c16425
_d16425